| 000 | 00707cab a2200229 4500 | ||
|---|---|---|---|
| 001 | ABS48633 | ||
| 008 | 090401t1993 xxu||||| |||| 00| 0 eng d | ||
| 035 | _a(Sirsi) u67678 | ||
| 041 | _aeng | ||
| 100 | _aPartridge, C. | ||
| 245 | _aComputers: write on | ||
| 260 | _c1993 | ||
| 350 | _a0 | ||
| 490 |
_aBuilding _v258(21) 21 May 1993, 54-55(2) |
||
| 520 | _aThe latest touch-sensitive screens may have applications in the construction industry. Details a variety of pen-computer packages. | ||
| 650 | _aPEN COMPUTERS | ||
| 650 | _aSOFTWARE PACKAGES | ||
| 650 | _aTOUCH-SENSITIVE SCREENS | ||
| 690 | _aMANAGEMENT-BUSINESS MANAGEMENT-INFORMATION MANAGEMENT | ||
| 942 | _n0 | ||
| 948 | _c04/03/1997 | ||
| 999 |
_c42367 _d42367 |
||